| Tag |
First Indicator |
Second Indicator |
Subfields |
| LEADER |
00000cam a2200000 4500 |
| 001 |
in00000080490 |
| 005 |
20151008052928.0 |
| 008 |
790917s1954 wvuabc b s00000 eng |
| 010 |
|
|
|a 54062856
|
| 035 |
|
|
|a (OCoLC)05379137
|
| 035 |
|
|
|9 AAH5492AM
|
| 040 |
|
|
|a DLC
|c NCS
|d TXA
|d UtOrBLW
|
| 049 |
|
|
|a TXAM
|c [336676]
|
| 050 |
|
0 |
|a JK4103
|b 1663c
|
| 092 |
|
|
|a 342.756
|b P886c
|
| 100 |
1 |
|
|a Powell, William S.,
|d 1919-2015.
|
| 245 |
1 |
4 |
|a The Carolina Charter of 1663 :
|b how it came to North Carolina and its place in history, with biographical sketches of the proprietors.
|
| 264 |
|
1 |
|a Raleigh :
|b State Dept. of Archives and History,
|c 1954.
|
| 300 |
|
|
|a v, 79 pages :
|b illustrations (part color) portraits, maps. ;
|c 27 cm.
|
| 336 |
|
|
|a text
|b txt
|2 rdacontent
|
| 337 |
|
|
|a unmediated
|b n
|2 rdamedia
|
| 338 |
|
|
|a volume
|b nc
|2 rdacarrier
|
| 500 |
|
|
|a "Text of the Charter": pages 23-37.
|
| 504 |
|
|
|a Bibliography: pages 77-79.
|
| 651 |
|
0 |
|a North Carolina
|x Charters.
|
| 610 |
1 |
0 |
|a North Carolina.
|b Proprietors.
|
| 651 |
|
0 |
|a North Carolina
|x Constitutional history.
|
| 710 |
1 |
|
|a North Carolina (Colony).
|t Charter.
|
| 999 |
|
|
|a MARS
|
| 999 |
f |
f |
|s 4744d24c-bd1c-3511-b80b-6fa142b17e09
|i 6b91f77a-e242-362d-8a5e-bbfb899ea1b6
|t 0
|
| 952 |
f |
f |
|p ric
|a Texas A&M University
|b Rellis Campus
|c Joint Library Facility
|d Remote Storage
|t 0
|e JK4103 1663c
|h Library of Congress classification
|i unmediated -- volume
|m A14800789928
|
| 998 |
f |
f |
|a JK4103 1663c
|t 0
|l Remote Storage
|